Statistics for Best U.S. Universities

Click here to take the quiz!

General Stats

  • This quiz has been taken 388 times
    (95 since last reset)
  • The average score is 39 of 52

Answer Stats

#SchoolState (or DC)% Correct
3 (tie)HarvardMassachusetts
100%
1PrincetonNew Jersey
96%
6PennPennsylvania
95%
5YaleConnecticut
95%
15 (tie)UCLACalifornia
94%
15 (tie)California-BerkeleyCalifornia
93%
2MITMassachusetts
93%
3 (tie)StanfordCalifornia
91%
32TexasTexas
91%
28 (tie)FloridaFlorida
89%
9 (tie)BrownRhode Island
88%
7 (tie)DukeNorth Carolina
87%
21MichiganMichigan
87%
12 (tie)ColumbiaNew York
86%
47 (tie)GeorgiaGeorgia
86%
35 (tie)NYUNew York
85%
39Boston CollegeMassachusetts
84%
43 (tie)Boston UniversityMassachusetts
84%
12 (tie)CornellNew York
84%
12 (tie)ChicagoIllinois
82%
40 (tie)WashingtonWashington
82%
24 (tie)Washington (St. Louis)Missouri
82%
22 (tie)North CarolinaNorth Carolina
81%
24 (tie)VirginiaVirginia
81%
18 (tie)DartmouthNew Hampshire
80%
9 (tie)NorthwesternIllinois
80%
35 (tie)WisconsinWisconsin
80%
46MarylandMaryland
79%
20Notre DameIndiana
76%
18 (tie)VanderbiltTennessee
76%
22 (tie)GeorgetownDC
74%
33 (tie)Georgia TechGeorgia
74%
35 (tie)IllinoisIllinois
74%
28 (tie)UC San DiegoCalifornia
74%
43 (tie)Ohio StateOhio
71%
7 (tie)Cal TechCalifornia
69%
9 (tie)Johns HopkinsMaryland
69%
28 (tie)USCCalifornia
69%
17RiceTexas
67%
40 (tie)RutgersNew Jersey
62%
43 (tie)PurdueIndiana
59%
24 (tie)EmoryGeorgia
58%
47 (tie)Virginia TechVirginia
58%
47 (tie)Wake ForestNorth Carolina
56%
28 (tie)UC DavisCalifornia
54%
47 (tie)Texas A&MTexas
53%
33 (tie)UC IrvineCalifornia
53%
35 (tie)UC Santa BarbaraCalifornia
52%
24 (tie)Carnegie MellonPennsylvania
47%
40 (tie)TuftsMassachusetts
41%
47 (tie)RochesterNew York
36%
47 (tie)LehighPennsylvania
19%

Score Distribution

Percentile by Number Answered

Percent of People with Each Score

Your Score History

You have not taken this quiz since the last reset